000 00455nam a2200181Ia 4500
001 8502
005 20260306160614.0
008 260306t2011||||xx |||||||||||||| ||spa||
041 _aESP
082 _a371.1
_bP43
100 _aPerrenoud, Philippe
_eAUT
245 0 _aDiez nuevas competencias para enseñar:
_bInvitación al viaje
260 _c2011
300 _a168 páginas :
_c23 cm.
650 _aGEN
654 _aCED
942 _cLIB
_dJUS
_fJUS
_2ddc
_n
999 _c8502
_d8502